01262nam a22003257i 4500003000900000005001700009008004100026040004300067041000800110082002200118092000700140099003700147100002800184245010400212250002500316264002700341300004000368336002400408337002800432338004300460504005300503546002400556650006500580651001000645856005700655905000700712942001900719999001700738952018100755EG-GICUC20260121101552.0251230s1978 fr ||||fr|||| 001 0 fre d aEG-GiCUCbfrecEG-GiCUCdEG-GiCUCeRda afre04221a341.3bDR . D04221 aLaw1 11 341.3 DR . D 1 ed - 19781 aDreyfus, SimoneeAuteur10aDroit Des Relations Internationales :bÉléments De Droit International Public /cSimone Dreyfus aPremière édition 1aParis :bCujas,c1978. a347 pages ;c24 cm.billustration ; 2rda contenua texte 2rda mediasaOrdinateur 2 transporteur rdaa Ressource en ligne aIncludes bibliographical references and indexes. aTexte en français14aRelations internationalesxDroit international public2qrmak1 2qrmak40uhttps://fll.law.cu.edu.eg/fulltext/bks/B11-06586.pdf a75 2ddccBKe21n0 c53274d53274 00102ddc40718القانون الدولي العامaCUbLAW1d2025-12-30l0oLaw1 11 341.3 DR . D 1 ed - 1978 1106586 C1pB11-06586r2025-12-30 13:37:39t1w2025-12-30yBK